01544nam a2200373 c 450000100060000000300100000600500170001600700030003300800410003602000180007704000350009504100080013004300120013808400060015010000320015624500910018825000230027926400420030230000420034433600290038633700330041533800280044852002620047652100610073865000530079965000360085265000310088865000510091970000450097070000260101570000360104170000340107783000590111159436CO-BoRNBP20251009224709.0ta250131s2024 ck a|||ar||| 000 01sspa d a9789583069369 aCO-BoRNBPbspaerdacCO-BoRNBP0 aspa as-ck--- aA aLópez de Mesa, Dianaeaut10aAnimalfabeto /cDiana López de Mesa... [y otros tres] ; ilustradora Mónica Peña. aEdición especial 1aBogotá, Colombia :bRichmond,c2024 a63 páginas :bilustraciones a color atextobtxt2rdacontenido asin mediaciónbn2rdamedio avolumenbnc2rdasoporte aConoce animales por montones, desde la araña hasta el zorro, en este colorido libro lleno de rimas y poesías infantiles clásicas. Animalfabeto es un libro ideal para familiarizarse con los animales y con nuestro alfabeto de forma divertida y juguetona aRecomendado para un público infantil mayor de 3 años04aÁlbumes infantiles colombianosySiglo XX2LEMB07aAlfabeto en la literatura2lemb07aLecturaxEnseñanza2LEMB04aLiteratura infantil colombianaySiglo XX2LEMB aGarcia Lorca, Federico,d1898-1936,eaut aPeña, Mónicaeill aPombo, Rafael,d1833-1912,eaut aSamaniego, Felix Maríaeaut aPlan Nacional de lectura y escritura leer es mi cuento